000 004910000a22001930004500
001 004050
003 MACL
005 20150915123757.0
008 150915b xxu||||| |||| 00| 0 eng d
040 _aMACL
_cMACL
041 _aEnglish
082 _a823/MUK
100 _aMukhopadhyay, Arunkumar
_910015
245 _aBengali Novel 1982-1997
_cArunkumar Mukhopadhyay
260 _aCalcutta
_c2000
_bMinerva Associates,
350 _a150
650 _aFiction
_911038
942 _k823
_cBK
_2ddc
999 _c15941
_d15941